Advanced engineering mathematics /
Guardado en:
| Autor Principal: | |
|---|---|
| Otros Autores: | |
| Formato: | Libro |
| Idioma: | English |
| Publicado: |
New York :
Industrial Press,
c2003.
|
| Edición: | 4th ed. |
| Materias: | |
| Etiquetas: |
Agregar Etiqueta
Sin Etiquetas, Sea el primero en etiquetar este registro!
|
| LEADER | 00827cam a22002295a 4500 | ||
|---|---|---|---|
| 001 | MAT.inmabb004450 | ||
| 008 | 021217s2003####nyua#####p####001#0#eng## | ||
| 005 | 20130404111109.0 | ||
| 245 | 1 | 0 | |a Advanced engineering mathematics / |c K. A. Stroud ; with additions by Dexter J. Booth. |
| 250 | |a 4th ed. | ||
| 260 | |a New York : |b Industrial Press, |c c2003. | ||
| 300 | |a xxiv, 1032 p. : |b il. ; |c 23 cm. | ||
| 500 | |a Ediciones anteriores publicadas bajo el título: Further engineering mathematics. | ||
| 020 | |a 0831131691 | ||
| 100 | 1 | |a Stroud, K. A. | |
| 700 | 1 | |a Booth, Dexter J. | |
| 700 | 1 | |a Stroud, K. A. |t Further engineering mathematics. | |
| 650 | 0 | |a Engineering mathematics |v Programmed instruction. | |
| 084 | |a 00A06 |2 msc2000 | ||
| 010 | |a 2002191903 | ||
| 040 | |a DLC |c DLC |d DLC | ||
| 859 | |h 00A06 |i St925-4 |p A-8439 |b BIB. MATEMATICA | ||
